| 000 | 00692nam a22002292a 4500 | ||
|---|---|---|---|
| 001 | 3470 | ||
| 003 | BD-RjUL | ||
| 005 | 20211208233733.0 | ||
| 008 | 131219s1967 ii 00| 0 eng d | ||
| 035 |
_aOCLC ocm00252686 from D960215M _a(BD-RjUL)3504 |
||
| 040 |
_aDLC _cDLC _dBD-RjUL _beng |
||
| 041 | _aeng | ||
| 082 |
_a354.5400725 _bLAU 1967 |
||
| 100 | 1 |
_aLakdawala, Dansukhlal Tulsidas. _910921 |
|
| 245 | 1 | 0 |
_aUnion-state financial relations / _cby D. T. Lakdawala |
| 260 |
_aBombay : _bLalvani Pub. House, _c1967 |
||
| 300 |
_avi, 120 p. _c23 cm |
||
| 504 | _aincludes index | ||
| 650 | 0 |
_aIntergovernmental fiscal relations _zIndia _910922 |
|
| 942 |
_2ddc _cBK |
||
| 999 |
_c3470 _d3470 |
||